距离上海各区最近的轨道交通车站 Nearest Metro Station For Every Shanghai District - Statistics

General Stats
  • This quiz has been taken 8 times
  • The average score is 9 of 16
Answer Stats
区县 距离 车站 % Correct
徐汇 520m 徐家汇
88%
黄浦 470m 豫园
75%
静安 510m 静安寺
75%
闵行 480m 莘庄
75%
松江 400m 松江新城
75%
青浦 900m 青浦新城
75%
长宁 560m 江苏路
63%
浦东 340m 上海科技馆
63%
崇明 24.3km 江杨北路
63%
虹口 570m 临平路
50%
嘉定 3.2km 嘉定北
50%
金山 2.6km 金山卫
50%
奉贤 1.7km 环城东路
50%
普陀 180m 铜川路
38%
杨浦 130m 平凉路
25%
宝山 1.3km 友谊路
25%
No matching quizzes found
Score Distribution
Percent of People with Each Score
Percentile by Number Answered
Your Score History
You have not taken this quiz